00553 2200193 4500001002100000005001500021035002000036007000300056008004100059020001800100082001200118084001800130100001700148245010300165260003700268300003000305600001000335856001400345INLIS00000000000905020260312110445 a0010-0326000009ta260312 0  a979-526-113-4 a363.125 a363.125 RUS r0 aRustam Hakim1 aRancangan Visual Lansekap Jalan :bPanduan Estetika Dingding Penghalang Kebisingan /cRustam Hakim aJakarta :bPT Bumi Aksara,c2006 a162 hlm :bIlusi ;c25 cm 4ajalan aKelas 363